| 000 | 00728nam a22002297a 4500 | ||
|---|---|---|---|
| 999 |
_c15213 _d15213 |
||
| 003 | MIRAKIL | ||
| 005 | 20230424161326.0 | ||
| 008 | 230424b tu ||||| |||| 00| 0 tur d | ||
| 020 | _a9786059075725 | ||
| 040 |
_aTR-AnCHP _cTR-AnCHP |
||
| 041 | _atur | ||
| 082 |
_a070.5 _bY99 2021 |
||
| 245 | 1 | 0 |
_a100 yılllık/ $c _ceditörler : Hayri Çetinkuş, Göksel Ulutabak. |
| 260 |
_aAnkara : _bAnadolu Ajansı Yayınları, _c2021. |
||
| 300 |
_a625 s.: _bhrt.; fotg.; _c21 sm. |
||
| 490 | 0 |
_aAnadolu Ajansı Yayınları; _v75. |
|
| 504 | _aKaynakça vardır. | ||
| 650 | 0 |
_96292 _aBasın _xAlmanaklar |
|
| 650 | 0 |
_96064 _aGazetecilik _xHaber Ajanları _xYıllıklar |
|
| 700 |
_97391 _aÇetinkuş, Hayri _eed. |
||
| 942 |
_2ddc _cBKS |
||